000 00507nam a22001817a 4500
005 20251108171052.0
008 250721s1998 xx 000 0 ara d
082 1 4 _a210.41334/مني
100 1 _aالميناوي، ناصف عوض
245 1 0 _aالبيان في العلاج بالقرآن /
264 1 _aالقاهرة :
_bمركز الكتاب،
_c1998.
300 _a238ص
650 1 7 _aالقرآن
650 1 7 _aالسحر
650 1 7 _aالشيطان
942 _2ddc
_cBK
999 _c55781
_d55781